El origen y la expansión de la idea de principio del derecho

Saved in:
Bibliographic Details
Main Author: Guzmán Brito, Alejandro Ángel (autor)
Format: Book
Language:Spanish
Published: Santiago, Chile Legal Publishing 2015
Edition:1a. ed
Series:Colección Ensayos Jurídicos
Subjects:
Tags: Add Tag
No Tags, Be the first to tag this record!

MARC

LEADER 00000cam a2200000 a 4500
001 UCD0520
003 CL-VaPUC
005 20240403173752.0
008 151204e20150000cl |||||||||||||||||spa|d
999 |c 362021  |d 362019 
020 |a 9789563465921 
040 |c Pontificia Universidad Católica de Valparaíso 
082 0 4 |a 340.1  |b GUZ  |2 21 
100 |a Guzmán Brito, Alejandro Ángel  |e autor  |9 388 
245 1 3 |a El origen y la expansión de la idea de principio del derecho 
250 |a 1a. ed 
260 |a Santiago, Chile   |b Legal Publishing  |c 2015 
300 |a 416 páginas  
440 |a Colección Ensayos Jurídicos  |9 856384 
583 |a last modification  |c 20171004 11:07:18  |k Rodrigo Vera 
650 0 |a Teoría del derecho  |9 255982 
650 0 |a Filosofía del derecho   |9 255050 
650 0 |a Fuentes del derecho   |9 255162 
942 |c BK  |2 ddc 
945 |d 20151204 12:43:00  |a dcastane 
952 |0 0  |1 0  |3 erb  |4 0  |6 340_100000000000000_GUZ_2015  |7 0  |8 A  |9 472865  |a BIBDER  |b BIBDER  |i 525454K  |l 5  |m 1  |o 340.1 GUZ 2015  |p 525454K  |q 2025-05-26  |r 2025-03-24  |s 2025-03-24  |w 2019-11-24  |y BK  |z Catalogado en:20151204  |k DER 
952 |0 0  |1 0  |2 ddc  |3 erb  |4 0  |6 340_100000000000000_GUZ_2015  |7 1  |8 C_LRYV  |9 472866  |a BIBDER  |b BIBDER  |i 5254558  |o 340.1 GUZ 2015  |p 5254558  |r 2023-01-25  |w 2019-11-24  |y BK_X  |z Catalogado en:20151204  |k BRV